000 01782nam a2200313 a 4500
999 _c328759
_d328759
003 BLK
005 20250313095409.0
008 190205b bu ah||gr|||| 00| | bu d
020 _a9789543271108
040 _aBLK
041 _aBUL
_cBUL
080 _aЦивилизация. Култура. Прогрес. История на културата вж 930.85
_b008
_z008
100 1 _aДжурова, Аксиния Добрева
_961250
139 _aДжурова, Аксиния Добрева
_bД 52
245 _aИзчезващата памет
_bсрещи по пътя
_cАксиния Джурова ; фотогр. Никифор Харалампиев и др.
_nТ. 1
260 _9209835
_aСофия
_bКласика и Стил
_c2018
_f(София : Алианс принт)
300 _a
_c21 x 21 см
380 _a0
490 _aБрифон
500 _aДруги фотогр.: Иван Стоименов, Симеон Меркадо, Фабио Джентили, Атанас Кръстев, Зафер Галибов. -Възприетата форма на името на фотогр. Симеон Меркадо е Нисим Меркадо. - Изд. на фонд. "Елена и Иван Дуйчеви", фонд. "Пчелен кошер". - Биогр. данни за авт.
650 7 _9159819
_aКултура
700 _91631
_aХаралампиев, Никифор Стефанов
_eфотогр.
760 _aДжурова, Аксиния Добрева
_dСофия, 2018
_h272 с. : с цв. ил., факс.
_oТ. 1
852 _aЦб 293218
852 _bИП
_c0/Д 52 А
942 _cKNG
_n0
_s1
_013
944 _aCR
_c2019-02-05
_k30535
_lХристина Везирева
944 _aED
_c2021-10-13
_kГГГ